00662nam a2200241 a 4500001001300000003000900013005001700022008004100039020000800080082001300088100002000101245002500121260003800146300000800184500003500192505001300227650002100240700002000261902000800281942000700289952010900296999001500405nice12345678IN_TiNIC20260116011801.0050524s1961 lona grp 000 0 eng  ac200a241bBEN aBennett, John C aChristian as Citizen aLondon bLutterworth Press c1961 a95p aincludes index and biblioraphy2 aGlossary aChristian-Ethics1 aBennett, John C bSRS cBK 001040708StackRoom-aHMIbHMId2007-06-28g2.00l0o241 BENp05687r2007-06-28v2.00w2005-05-24yBK c3929d3929